| 000 | 00584nam a2200205Ia 4500 | ||
|---|---|---|---|
| 001 | 12439 | ||
| 003 | GE_BSU | ||
| 008 | 181216s||||||||xx |||||||||||||| ||und|| | ||
| 040 | _cGE_BSU | ||
| 080 | _a633.1(075.8) | ||
| 100 | _aШальт, В.И. | ||
| 245 | _aЭкономика храненияи переработки зерна | ||
| 245 | _cРед.Е.М.Тихонова | ||
| 260 | _aМосква | ||
| 260 | _bКолос | ||
| 260 | _c1967 | ||
| 300 | _a366стр.20см. | ||
| 653 | _aЭкономика храненияи переработки зерна | ||
| 942 | _cBK | ||
| 999 |
_c45613 _d45613 |
||